El fideicomiso de construcción (Registro nro. 13412)

Detalles MARC
000 -LEADER
fixed length control field 00314 a2200109 4500
001 - CONTROL NUMBER
control field ART_8959
005 - DATE AND TIME OF LATEST TRANSACTION
control field 20260410161642.0
008 - FIXED-LENGTH DATA ELEMENTS--GENERAL INFORMATION
fixed length control field 260409a
100 1# - MAIN ENTRY--PERSONAL NAME
Personal name Moreno, Carolina
245 10 - TITLE STATEMENT
Title El fideicomiso de construcción
773 0# - HOST ITEM ENTRY
Title Consultor tributario
Related parts - Año 5, Nº 56 (oct. 2011)
Record control number REV474

No hay ítems disponibles.